Sabrina Carpenter - Chansons en emojis #2 - Statistiques

Statistiques générales
  • Ce quiz a été pris 79 fois
    5 depuis la dernière actualisation
  • Le résultat moyen est 4 sur 12
Statistiques - réponses
Emojis Chansons % Correct
🏃🏼‍♀️‍➡️🏃🏼‍♀️‍➡️🧃 Go Go Juice
100%
👎💼 bad for business
50%
🏠🚶🏼‍♀️‍➡️ House Tour
50%
🗼 Paris
50%
😈 Vicious
50%
👎🕰️ Bad Time
25%
💎♾️ Diamonds Are Forever
25%
🫸 2️⃣0️⃣ Pushing 20
25%
👍 Thumbs
25%
⚪️🎄🎅🏻 white xmas
25%
👀🙋🏼‍♀️ Looking At Me
0%
👽🪐🚀 Space
0%
Aucun quiz correspondant
Distribution des résultats
% des personnes avec chaque résultat
Percentile par nombre de réponses
Votre historique - résultats
Vous n’avez pas pris ce quiz depuis la dernière actualisation